000 00550nam a2200217Ia 4500
003 OSt
005 20220928140730.0
006 a|||||r|||| 00| 0
007 ta
008 220927b |||||||| |||| 00| 0 eng d
024 _a11414
037 _cTextual
040 _aSDCL
_cSDCL
_beng
041 _2eng
_aeng
082 _aVv2'K, L6
100 _aMukhia Harbans
245 0 _aHistorians and historiography during the reign of Akbar
260 _c1976
942 _hVv2'K, L6
_cTEXL
_2CC
999 _c813844
_d813844